000 00384nam a22001457a 4500
003 OSt
005 20160727222358.0
008 160622b xxu||||| |||| 00| 0 eng d
040 _cTEST
100 _9602
_aSolzhenitsyn, A
245 _aOneday in the Life of Ivan Penisovich
260 _aLon
_bE.P Dutton & Com
_c1963
300 _aOneday in the Life of Ivan Penisovich
942 _2ddc
_cBK
999 _c493
_d493